003730000a220010900045001000020000002450060000203000052000807730016001329420008001489520090001569990017002461 aChodorov, Frank10aThe source of rights : The importance of the individual aVol. 47, Num 3 (Marzo, 1997), Páginas 141-1430 tThe Freeman cANA 001040708HEMaFUSBCbFUSBCd2016-01-26l0o r2016-01-26 00:00:00w2016-01-26yANA c56656d56656